000 00587nam a2200217 i 4500
001 bg
245 0 _aElektroniczna technika obliczeniowa :
_bprogramowanie i metody numeryczne /
_cE. Filipow-Ciskowska [i in.].
250 _aWyd.2.
260 _aKoszalin,
_c1987.
490 1 _aSkrypty
650 9 _aProgramowanie
650 9 _aJęzyki programowania
655 _aPodręczniki akademickie
700 1 _aFilipow-Ciskowska, Elżbieta.
830 _aSkrypty
040 _cBPK
041 _apol
080 _a004:519.6
942 _cKS
008 s pl f |000 0 pol
999 _c3584
_d3584
856 _uhttp://koha.tu.koszalin.pl/cgi-bin/koha/opac-detail.pl?biblionumber=3584
_yKatalog online BPK